Michel Foucault

Αποθηκεύτηκε σε:
Λεπτομέρειες βιβλιογραφικής εγγραφής
Κύριος συγγραφέας: Cousins, Mark
Άλλοι συγγραφείς: Hussain, Athar
Μορφή: Βιβλίο
Γλώσσα:English
Δημοσίευση: London : MacMillan, 1984
Σειρά:Theoretical traditions in the social sciences
Θέματα:
Ετικέτες: Προσθήκη ετικέτας
Δεν υπάρχουν, Καταχωρήστε ετικέτα πρώτοι!

MARC

LEADER 00000nam a2200000 i 4500
001 1/30631
008 960329s1984 eng d
020 |a 0333286510 
035 |l 10023435 
040 |a GR-MY-UA  |b gre  |e aacr 
041 0 |a eng 
082 0 |a 194 
100 1 |a Cousins, Mark. 
245 1 0 |a Michel Foucault 
260 |a London :   |b MacMillan,   |c 1984 
300 |a 278 p. 
490 1 |a Theoretical traditions in the social sciences 
600 1 0 |a Foucault, Michel,   |d 1926-1984. 
700 1 |a Hussain, Athar. 
830 0 |a Theoretical traditions in the social sciences 
852 |a INST  |b CHIOS  |e 19960329  |h 194 COU  |p 005200006689  |q 005200006689  |t BK  |y 0 
909 |a Χ  |b 001642